000 02644nam2a2200373 4500
001 RU\NLR\BIBL_A\011944580
005 20190306170615.0
021 _aRU
_bКН-П-19-004017
_9КН-П-19-0295
035 _a(NLR Aleph) 011944580
035 _a(RuMoRGB)009872983
090 _a11110499
_c11110499
100 _a20190222d2018 k y0rusy50 ca
101 0 _arus
_deng
102 _aRU
105 _aa|||z|||100zy
200 1 _aСекция 9/1: Радиоастрономия и дистанционное зондирование
_aСекция 9/2: Распространение радиоволн, обработка информации
_aСекция 9/3: Обработка сигналов в системах дистанционного зондирования
210 _d2018
215 _aVI, С. 1563-1814
_cил., табл.
300 _aРез. англ.
320 _aБиблиогр. в конце ст.
461 0 _1001RU\NLR\BIBL_A\011944649
_12001#$aСВЧ-техника и телекоммуникационные технологии$e28-я Международная Крымская конференция, 9-15 сентября 2018 г. Севастополь$e[КрыМиКо 2018]$eматериалы конференции$fРНТОРЭС им. А.С. Попова [и др.]$vТ. 7
_911110949
_cМосква [и др.
_d2018
_fРНТОРЭС им. А.С. Попова [и др.]
_nб. и.]
_o28-я Международная Крымская конференция, 9-15 сентября 2018 г. Севастополь : [КрыМиКо 2018] : материалы конференции
_tСВЧ-техника и телекоммуникационные технологии
_vТ. 7
517 1 _aРадиоастрономия и дистанционное зондирование
517 1 _aРаспространение радиоволн, обработка информации
517 1 _aОбработка сигналов в системах дистанционного зондирования
606 1 _aРадиоастрономия
_jСъезды, совещания и т.п
_9974832
_3RU\NLR\AUTH\6647343
606 1 _aРадиоволны
_jСъезды, совещания и т.п
_xРаспространение
_9955546
_3RU\NLR\AUTH\66356048
606 1 _aДистанционное зондирование
_jСъезды, совещания и т.п
_92075375
_3RU\NLR\AUTH\661250438
686 1 _aВ64я431(0)
686 1 _aЗ841-019я431(0)
686 1 _aД131я431(0)
942 _cBOOK
980 _aNB